000
00284nam a2200109Ia 4500
008
190216s9999||||xx |||||||||||||| ||und||
100
_a
Grewal T S
245
0
_a
Supplement To Introduction To Accountancy
260
_b
Prentice Hall Of India Pvt Ltd
_c
1966
300
_a
127p
942
_c
BK
999
_c
4433
_d
4433